[Event "Wuerttemberg-ch Blitz"]
[Site "Murrhard"]
[Date "2021.08.20"]
[Round "3"]
[White "Bissbort, Julian"]
[Black "Gavrin, Tim"]
[Result "1-0"]
[WhiteElo "2016"]
[BlackElo "1668"]
[PlyCount "45"]
[EventDate "2021.08.20"]
[EventType "swiss (blitz)"]
[EventRounds "11"]
[EventCountry "GER"]
[SourceTitle "CBM 204 Extra"]
[Source "ChessBase"]
[SourceDate "2021.11.30"]
[SourceVersion "1"]
[SourceVersionDate "2021.11.30"]
[SourceQuality "1"]

1. e4 e6 2. d4 d5 3. exd5 exd5 4. Bd3 Bd6 5. Nf3 Ne7 6. 0-0 0-0 7. Bg5 f6 8. Bh4 Bf5 9. c3 c6 10. Re1 Bxd3 11. Qxd3 Ng6 12. Bg3 Bxg3 13. hxg3 Nd7 14. Nbd2 Qc7 15. Re6 Rfe8 16. Rae1 Kf7 17. Qf5 Rxe6 18. Ng5+ Kg8 19. Qxe6+ Kh8 20. Nf7+ Kg8 21. Nh6+ Kh8 22. Qg8+ Rxg8 23. Nf7# 1-0

[Event "Wuerttemberg-ch Blitz"]
[Site "Murrhard"]
[Date "2021.08.20"]
[Round "5"]
[White "Zehring, Mathias"]
[Black "Gavrin, Tim"]
[Result "0-1"]
[WhiteElo "1871"]
[BlackElo "1668"]
[PlyCount "138"]
[EventDate "2021.08.20"]
[EventType "swiss (blitz)"]
[EventRounds "11"]
[EventCountry "GER"]
[SourceTitle "CBM 204 Extra"]
[Source "ChessBase"]
[SourceDate "2021.11.30"]
[SourceVersion "1"]
[SourceVersionDate "2021.11.30"]
[SourceQuality "1"]

1. e4 e5 2. Nf3 Nf6 3. Nxe5 Nc6 4. Nxc6 dxc6 5. d3 Bc5 6. Be3 Bxe3 7. fxe3 Be6 8. Be2 Qe7 9. 0-0 Rd8 10. Nd2 0-0 11. Nf3 Nxe4 12. Qe1 Nf6 13. c3 Nd5 14. Bd1 Bg4 15. e4 Nf4 16. Bc2 Nxd3 17. Bxd3 Rxd3 18. Qe2 Qc5+ 19. Kh1 Rfd8 20. h3 Bh5 21. g4 Bg6 22. Kg2 Qe7 23. Rae1 h5 24. Nd4 R3xd4 25. cxd4 Rxd4 26. Rf4 Qd6 27. Ref1 Rd2 28. R4f2 Rxe2 29. Rxe2 hxg4 30. hxg4 Qd3 31. Rfe1 c5 32. Re3 Qd2+ 33. R1e2 Qd6 34. e5 Qd5+ 35. Kg3 Qe6 36. b3 b6 37. Kf4 Kf8 38. Rd2 Ke7 39. Rh3 f6 40. Re3 f5 41. g5 Qc6 42. e6 Be8 43. Kxf5 g6+ 44. Kf4 Qh1 45. Rf2 Qh4+ 46. Kf3 Qxg5 47. Ke2 Qd5 48. Rff3 Bb5+ 49. Kf2 Be8 50. Ke2 Qh5 51. Kd3 g5 52. Rf5 Bg6 53. Ree5 Qd1+ 54. Ke3 Bxf5 55. Rxf5 Qe1+ 56. Kf3 Qf1+ 57. Kg4 Qg2+ 58. Kh5 Kxe6 59. Rxg5 Qh3+ 60. Kg6 Qh2 61. Kg7 Qxa2 62. Rg6+ Kd7 63. Rf6 Qb2 64. Kf7 Qxf6+ 65. Kxf6 Kc6 66. Kf5 Kb5 67. Ke4 Kb4 68. Kd3 Kxb3 69. Kd2 a5 0-1